| 000 | 01659nam0a2200325 4500 | ||
|---|---|---|---|
| 001 | RU\NLR\bibl\1847392 | ||
| 005 | 20250616174400.0 | ||
| 021 |
_aRU _b2011-94139 _96751 |
||
| 035 | _a(NLR Aleph) 001837814 | ||
| 090 |
_a2230082 _c2230082 |
||
| 100 | _a20111213d2011 |||y0rusy50 ca | ||
| 101 | 0 | _arus | |
| 102 | _aRU | ||
| 105 | _aa ||||||||| | ||
| 200 | 1 |
_aИскусство ткацких переплетений _eучебное пособие _e[учебно-методический комплекс по специальности 071502 Художественное проектирование текстильных изделий] _fТ.И. Игнатьева _gМ-во образования и науки Рос. Федерации, Гос. образоват. учреждение высш. проф. образования "Моск. гос. текст. ун-т им. А.Н. Косыгина" |
|
| 210 |
_aМосква _cРИО "МГТУ им. А.Н.Косыгина" _d2011 |
||
| 215 |
_a63 с. _cил. _d21 |
||
| 320 | _aБиблиогр.: с. 59-60 | ||
| 606 | 1 |
_aНародный костюм _jУчебные издания _92621876 _3RU\NLR\auth\661558436 |
|
| 606 | 1 |
_aТкани _jУчебные издания для высших учебных заведений _xПереплетения _91757291 _3RU\NLR\auth\661083135 |
|
| 686 | _aМ304-2я73-1 | ||
| 686 | _aЩ126.63(0)я7 | ||
| 700 | 1 |
_aИгнатьева _bТ. И. _gТатьяна Ивановна _4070 |
|
| 801 | 0 |
_aRU _bNLR _c20111213 _gRCR |
|
| 801 | 1 |
_aRU _bNLR _c20111213 |
|
| 830 | _aавт. по ЭК | ||
| 942 | _cBOOK | ||
| 980 | _aNB | ||
| 980 | _aNBR | ||